00373nam a2200145Ia 4500008004100000082002000041100002200061245002100083260002900104300000800133600002200141630002100163700002200184730002100206151018s9999 xx 000 0 und d bRBASDV8511a823 aHitchcock Alfred aA Hangmans Dozen bDell publisher co.c1962 a222 aHitchcock Alfred aA Hangmans Dozen aHitchcock Alfred aA Hangmans Dozen